000 00707nam a2200217 a 4500
001 000033967
003 DO-SdBNP
005 20240308073621.0
008 110915s1898 dr 000 0 spa d
040 _aDO-SdBNP
_bspa
_cBNPHU
082 _axxxx
_bC422n
100 1 _aCestero, Tulio M.,
_q(Tulio Manuel),
_d1877-1955
_91698
245 1 0 _aNotas y escorzos /
_cTulio M. Cestero.
260 _aSanto Domingo :
_bImp. "Cuna de América," J. R. Roques,
_c1898.
300 _a125 p. ;
_c22 cm.
500 _aRegalo del autor a Federico Henríquez y Carvajal en el 1908
590 _aInventariado, 2022/ YL
650 4 _aLiteratura
_zColecciones de escritos
_982180
910 _aYLockward
942 _2ddc
_cLBS1
999 _c33458
_d33458